000 00723nam a2200289Ia 4500
005 20260324120741.0
008 008 260324s9999 xx 000 0 eng d
020 _a9781315776163
037 _aEBOOK
040 _aCRL
040 _beng
040 _cCRL
041 _2eng
041 _aeng
084 _qCRL
100 _aHiroaki Richard Watanabe
_91159823
245 0 _aLabour Market Deregulation in Japan and Italy
245 0 _bWorker Protection under Neoliberal Globalisation
260 _bTaylor and Francis
260 _c2014
365 _a
365 _b255
856 _uhttp://www.taylorfrancis.com/books/9781315776163
942 _cEBOOK
999 _c1751512
_d1751512